|
|
|
|
| LEADER |
00000cac a2200000 a 4500 |
| 001 |
62531-38 |
| 003 |
Ucuenca |
| 005 |
20240113062635.0 |
| 008 |
985060|1984 sp |||||r|||||||||||spa|| |
| 020 |
|
|
|a 8475306152
|
| 040 |
|
|
|b spa
|
| 041 |
1 |
|
|a spa
|
| 082 |
0 |
|
|a 345.02
|
| 100 |
1 |
|
|a Beccaria, Cesare.
|9 186745
|
| 245 |
|
|
|a De los delitos y de las penas
|c Cesare Beccaria. Traducción de Francisco Tomás y Valiente
|h imp
|
| 246 |
|
1 |
|a Dei delitti e delle pene
|
| 264 |
|
|
|a Barcelona
|b Ediciones Orbis
|c 1984
|
| 300 |
|
|
|a 119 páginas:
|c 20 cm
|
| 490 |
|
|
|a Historia del Pensamiemto
|n no. 38
|
| 650 |
|
4 |
|a Derecho penal
|9 9222
|
| 650 |
|
0 |
|a Beccaria cesare
|9 11617
|
| 650 |
|
0 |
|a Delito
|9 42420
|
| 650 |
|
4 |
|a Derecho
|9 229
|
| 852 |
|
|
|a UC-CDJBV
|c est_cerrada
|f Compra
|l 1
|m General
|p 19850604
|q 249,00
|t 62531-38
|b 0
|d CDRC
|e CDRC
|g 345.02
|z 1985-50-60
|
| 942 |
|
|
|c CR
|0 3
|
| 999 |
|
|
|c 117704
|d 117704
|